Budujeme hudební školu návod k organizační výstavbě a k vedení hudebních škol v Čechách a v zemi Moravskoslezské

Podrobná bibliografia
Hlavní autori: Batěk, Oskar Emil, 1888-1969 (Autor), Hradil, František Míťa, 1898-1980 (Autor)
Médium: Kniha
Jazyk:čeština
Fyzický popis:80 s. 8°
Vydavateľské údaje: Praha Fr. Kudelík 1947
Predmet:

MARC

LEADER 00000cam a2200000 a 4500
001 vtls001057437
003 SK-MaSNL
005 20260301232530.0
008 160401s1947 xr 00000 cze
035 |a SNK000000237 
040 |a SNK  |b slo  |c SNK  |e AACR2 
041 0 |a cze 
044 |a xr  |c CZ 
080 |a 373.7:78:371  |2 1981 
100 1 |a Batěk, Oskar Emil,  |d 1888-1969  |4 aut  |9 174060 
245 1 0 |a Budujeme hudební školu  |b návod k organizační výstavbě a k vedení hudebních škol v Čechách a v zemi Moravskoslezské  |c Oskar Batěk, František Míťa Hradil 
260 |a Praha  |b Fr. Kudelík  |c 1947  |e Orlová  |f Mil. Pechtora 
300 |a 80 s.  |c 8° 
650 0 7 |a hudobné školy  |2 SNKPH  |9 71505 
650 0 7 |a organizácia školstva  |2 SNKPH  |9 58473 
651 7 |a Česko  |2 SNKPHgeo  |9 16753 
655 7 |a príručky  |2 SNKPH  |9 74364 
700 1 |a Hradil, František Míťa,  |d 1898-1980  |4 aut  |9 119911 
958 |a RK 
999 |c 961657  |d 963587 
952 |t P60, <04>, [BOOK], {604}  |a SNK  |b SNK  |y VYP  |7 0  |o snkIC 4205  |i snkVIII. 4288/47  |0 0  |1 0  |4 0  |d 1995-01-31  |l 0  |r 2004-12-31 00:00:00  |w 2026-02-24 
952 |t P60, <04>, [BOOK], {604}  |a SNK  |b SNK  |y VYP  |7 0  |o snkIC 4205 D1  |i snkKIF 91/56  |0 0  |1 0  |4 0  |d 1995-01-31  |l 0  |r 2004-12-31 00:00:00  |w 2026-02-24